Дело о ношении серебряных знаков с вензелевым изображением имени в бозе почившего великого князя Николая Николаевича Старшего, у...

Доступно только в Электронных читальных залах Найти на картеНа карте
RUSMARC
00003708nmc2a22002413x 450
001cfb765ed-21d4-45b5-924d-3d263c88342b
00520241004142446.0
100##$a20240523l18881893k l0rusy0189 ca
1010#$arus
102##$aRU
105##$ay###
1222#$ad
2001#$aДело о ношении серебряных знаков с вензелевым изображением имени в бозе почившего великого князя Николая Николаевича Старшего, установленных в память основания при бывшем Дворе его императорского высочества оркестра и хора певчих
$j27 февраля 1888 г. - 9 июля 1893 г.
215##$a12 л.
$d36,5х26 см
251##$cДело
300##$aДело
371##$aДокумент не является опубликованным и широко распространяемым
461#0$1001RusGRCC00077140
$12001
$aКанцелярия Министерства Императорского двора
$1251
$cФонд
$1852
$j472
462#0$100105ac7277-d5e4-4eb5-87fa-81362dc1584d
$12001
$aКанцелярия Министерства Императорского двора. Описи дел третьего отделения третьего стола
$1251
$cОпись
$1852
$j27
$l410-1930
801#0$aRU
$bРГИА
$c20240523
$gRCR
801#1$aRU
$bГлавНИВЦ
$c20240523
$2rusmarc
801#2$aRU
$bПБ им. Б.Н. Ельцина
$c20241004
$gRCR
$2rusmarc
850##$aРГИА
852##$aРГИА
$eФедеральное казенное учреждение "Российский государственный исторический архив" (РГИА)
$j33
937##$hРГИА
$d12412245
$aASBIBLIO_SCAN
035##$aRusGRCC00077125
856##$uhttp://readingroom.main.prlib.ru/item.aspx?id_node=n194235748&mode=full
Формат отображения